Normal view
MARC view
- Banda Chanda, Gloria
Entry Personal Name
001 - CONTROL NUMBER
- control field: 2144
003 - CONTROL NUMBER IDENTIFIER
- control field: CBULib
005 - DATE AND TIME OF LATEST TRANSACTION
- control field: 20240126102337.0
008 - FIXED-LENGTH DATA ELEMENTS
- fixed length control field: 240126|| aca||aabn | a|a d
040 ## - CATALOGING SOURCE
- Original cataloging agency: CBULib
100 ## - HEADING--PERSONAL NAME
- Personal name: Banda Chanda, Gloria